[Event "Forni di Sopra Dolomiti 2018"]
[Site "Forni di Sopra"]
[Date "2018.06.11"]
[Round "3.1"]
[White "Castellanos Rodriguez, Renier"]
[Black "Rotstein, Arkadij"]
[Result "1/2-1/2"]
[WhiteElo "2501"]
[BlackElo "2490"]
[Annotator "TA"]
[PlyCount "79"]
[EventDate "2018.??.??"]
[EventType "swiss"]
[EventCountry "ITA"]
[SourceTitle "playchess.com"]
[Source "ChessBase"]
[SourceQuality "1"]

{[%evp 17,79,11,16,3,35,33,35,22,17,27,32,34,29,19,29,31,52,34,42,50,48,38,69,75,75,88,81,36,39,38,44,43,50,50,51,60,78,86,74,93,84,0,0,0,1,1,1,0,0,8,6,0,0,0,0,0,0,0,8,0,3,4,8,0]} 1. e4 g6 2. d4 Bg7 3. Nf3 d6 4. c3 Nf6 5. Bd3 O-O 6. O-O Nbd7 7. Re1 e5 8. Nbd2 Re8 9. a4 a5 {LiveBook: 9 Partien. B07: Pirc-Ufimzew-Verteidigung} (9... d5 10. dxe5 Nxe5 11. Nxe5 Rxe5 12. f4 Re8 13. e5 Nd7 14. Nb3 f6 15. e6 Nf8 16. f5 gxf5 17. Nd4 Bxe6 {0-1 (58) Morozevich,A (2722)-Grischuk,A (2777) Moscow 2014}) 10. Qc2 Nb6 $146 ({Vorgänger:} 10... b6 11. Bb5 Bb7 12. d5 Rf8 13. b4 Nh5 14. bxa5 Rxa5 15. Nb3 Ra8 16. a5 Qc8 17. Bxd7 Qxd7 {0-1 (37) Constantinou,P (2274)-Petran,P (2321) Czechia 2013}) 11. dxe5 dxe5 {Weiß steht etwas besser.} 12. Nc4 Nxc4 13. Bxc4 h6 14. Be3 Qe7 15. h3 $36 {[%mdl 2048] Weiss hat Initiative.} b6 16. Bb5 Rf8 17. b4 Nh5 18. Bc6 Rb8 19. b5 Nf4 20. c4 Qf6 21. Bxf4 Qxf4 22. Qd2 Qf6 23. Qe3 Rd8 24. Rad1 Be6 25. Bd5 Bd7 26. c5 c6 27. bxc6 Bxc6 28. cxb6 Bxd5 29. exd5 ({Besser ist} 29. Rxd5 $16 {Tb5 ist eine echte Drohung.} Rxd5 30. exd5 Rxb6 31. Qc5 (31. Qxe5 Qxe5 32. Nxe5 Bxe5 $14)) 29... Qxb6 $11 {Die Stellung ist ausgeglichen.} 30. Nxe5 Qxe3 31. Rxe3 {[#] Droht stark Sc6.} Bxe5 $1 32. Rxe5 $16 {[%mdl 4096] Endspiel Mit der Idee d6. KTT-KTT} Rb4 33. d6 Rxa4 34. Re7 Rb4 35. Ra7 a4 36. g4 Kg7 37. Kg2 Rf4 38. Rd3 Rf6 39. d7 Rf4 40. Ra3 {Precision: Weiß = 58%, Schwarz = 57%.} 1/2-1/2

[Event "Forni di Sopra Dolomiti 2018"]
[Site "Forni di Sopra"]
[Date "2018.06.11"]
[Round "3.2"]
[White "Bellia, Fabrizio"]
[Black "Stella, Andrea"]
[Result "1/2-1/2"]
[WhiteElo "2428"]
[BlackElo "2500"]
[Annotator "TA"]
[PlyCount "93"]
[EventDate "2018.??.??"]
[EventType "swiss"]
[EventCountry "ITA"]
[SourceTitle "playchess.com"]
[Source "ChessBase"]
[SourceQuality "1"]

{[%evp 27,93,0,0,0,-4,-2,0,0,0,0,26,27,24,0,0,0,0,-89,-70,-76,-63,-64,-22,-29,-25,-186,-177,-333,-216,-201,-87,-77,-65,-200,-5,-30,-18,-58,0,0,0,4,0,-10,-13,-8,-8,-17,-6,-21,-18,-26,-26,-28,-7,-29,-28,-28,0,-11,0,-23,-11,-29,0,0,0,-29]} 1. e4 e5 2. Nf3 Nc6 3. Bc4 Bc5 4. c3 Nf6 5. d3 O-O 6. O-O d5 7. exd5 Nxd5 8. Re1 Bg4 9. h3 Bh5 10. Nbd2 {[%cal Bb1d2,Bd2e4,Be4g3][%mdl 32]} Nb6 11. Bb5 Bd6 12. Ne4 {C55: Two Knights: 4 d3, 4 d4 exd4 5 e5 and Max Lange Attack} f5 13. Ng3 Bxf3 14. Qxf3 Qd7 $1 {LiveBook: 15 Games} 15. Nf1 (15. Bd2 a6 16. Bxc6 Qxc6 17. Qxc6 bxc6 18. c4 Na4 19. Bc1 Rad8 {½-½ (52) Nepomniachtchi,I (2751)-Karjakin,S (2773) Saint Louis 2017}) 15... a6 16. Bxc6 $1 bxc6 17. Bd2 Rae8 18. Rad1 e4 $146 ({Predecessor:} 18... c5 19. b3 Qf7 {0-1 (38) Hakimifard,R (2025)-Pratyusha,B (2123) Sari 2013}) 19. dxe4 fxe4 20. Qg4 Qf7 21. Be3 Nc4 22. Re2 (22. Qe2 $11 {remains equal.}) 22... Nxe3 $17 23. Nxe3 h5 $1 $36 {[%cal Rh5g4][%mdl 2048] Black is more active.} 24. Qh4 Re5 25. g4 $1 hxg4 26. hxg4 $2 (26. Qxg4 $11 Re6 27. Qg2) 26... Qf3 $19 27. Rde1 $2 (27. Rc2) 27... Re6 $1 {[%cal Re6h6]} 28. Qh1 {[#]} Qf4 (28... Rh6 $1 $19 {[%csl Gf3][%cal Rh6h1] and Black stays clearly on top.} 29. Qxf3 exf3) 29. Qg2 $17 Rg6 30. Kf1 {[#]} (30. Rd1 $15) 30... Bc5 $2 (30... Qf3 $1 $19 {...Rh6 is the strong threat.} 31. Nc4 Qxg2+ 32. Kxg2 Rxg4+ 33. Kf1 Bc5) 31. Nd1 e3 32. Nxe3 Bxe3 (32... Rh6 $1 $15 33. Kg1 Rh4) 33. Rxe3 $11 Qc4+ 34. R1e2 Rxg4 35. Re4 {[#]} (35. Qh3 {feels hotter.} Rg6 36. b3 Qd5 37. Re8 Rh6 38. Rxf8+ Kxf8 39. Qc8+) 35... Rxf2+ $1 {[%mdl 512]} 36. Kxf2 Rxg2+ 37. Kxg2 Qxa2 {[%mdl 4096] Endgame KQ-KRR} 38. Re8+ Kh7 39. R8e7 Qd5+ 40. Kf2 Qf5+ 41. Ke1 Qb1+ 42. Kf2 Qf5+ 43. Ke1 Qb1+ 44. Kf2 Qc1 45. Kf3 Qf1+ 46. Ke3 Qc1+ 47. Kd4 {Precision: White = 32%, Black = 47%.} 1/2-1/2

[Event "Forni di Sopra Dolomiti 2018"]
[Site "Forni di Sopra"]
[Date "2018.06.11"]
[Round "3.3"]
[White "Strikovic, Aleksa"]
[Black "Beshukov, Sergei"]
[Result "0-1"]
[WhiteElo "2493"]
[BlackElo "2402"]
[Annotator "TA"]
[PlyCount "72"]
[EventDate "2018.??.??"]
[EventType "swiss"]
[EventCountry "ITA"]
[SourceTitle "playchess.com"]
[Source "ChessBase"]
[SourceQuality "1"]

{[%evp 10,72,-2,-45,8,-35,-27,-35,-39,-59,-55,-41,-54,-48,-42,-43,-28,-42,-33,-29,-41,-51,-10,-11,-16,-16,-11,-394,-400,-387,-379,-370,-365,-390,-402,-545,-400,-383,-402,-389,-309,-403,-374,-532,-513,-516,-532,-571,-352,-649,-631,-660,-650,-638,-627,-669,-653,-833,-822,-856,-853,-838,-814,-828,-817]} 1. e4 c5 2. d3 Nc6 3. g3 d5 4. Nd2 Nf6 5. Bg2 e6 6. f4 {LiveBook: 18 Games} h5 {C00: French: Unusual White 2nd moves} (6... e5 $15) (6... Be7 7. e5 Nd7 8. Nh3 b5 9. O-O O-O 10. c4 bxc4 11. dxc4 Nb6 12. b3 Bb7 13. cxd5 exd5 14. Ba3 d4 {1-0 (31) Vasiukov,E (2400)-Zaitsev,A (2499) Tula 2018}) 7. h3 Qc7 $146 ({Predecessor:} 7... e5 8. f5 g6 9. fxg6 fxg6 10. Ngf3 dxe4 11. dxe4 Bh6 12. Qe2 h4 13. g4 Nxg4 14. hxg4 Bxg4 {1-0 (78) Sanjose Torres,C-Artal Alegria,F Aragon 1998}) 8. e5 Ng8 {Black is slightly better.} 9. Ngf3 Nge7 10. c3 b6 11. Nf1 Bb7 12. Qe2 b5 13. Be3 d4 14. cxd4 cxd4 15. Bd2 Rc8 16. Rc1 Qd7 17. Ng5 Nd8 18. Kf2 $2 {[%mdl 8192]} (18. Rxc8 $11 {and White is okay.} Qxc8 19. Bxb7 Nxb7 20. Nh2) 18... Bxg2 19. Kxg2 Rxc1 20. Bxc1 Qc6+ 21. Ne4 Qxc1 22. Nfd2 Qc6 23. Nb3 Nf5 24. Rc1 Qb6 25. Kf2 Be7 26. Rc8 (26. Kf3 $142) 26... Qa6 $19 27. Qc2 O-O 28. a3 g6 29. g4 $2 (29. Qc7 Qa4 30. Ned2) 29... hxg4 {Black is clearly winning.} 30. hxg4 Ne3 31. Qc1 b4 32. Nxd4 {[#]} Nd1+ $1 {[%mdl 512]} 33. Ke2 {[#]} (33. Qxd1 Qxc8) 33... Nxb2 $1 {[%mdl 512]} 34. Qxb2 Qxc8 35. axb4 Nc6 36. Nc2 {[#]} Nxb4 $1 {Precision: White = 42%, Black = 67%.} 0-1

[Event "Forni di Sopra Dolomiti 2018"]
[Site "Forni di Sopra"]
[Date "2018.06.11"]
[Round "3.4"]
[White "Ceschia, Ivano"]
[Black "Bryzgalin, Kirill"]
[Result "1/2-1/2"]
[WhiteElo "2325"]
[BlackElo "2427"]
[Annotator "TA"]
[PlyCount "109"]
[EventDate "2018.??.??"]
[EventType "swiss"]
[EventCountry "ITA"]
[SourceTitle "playchess.com"]
[Source "ChessBase"]
[SourceQuality "1"]

{[%evp 21,109,0,-6,-42,8,0,13,-31,-8,-12,-20,-10,-9,-28,0,0,0,0,0,0,0,0,6,0,18,8,9,0,0,-5,0,0,0,-23,-15,-49,-31,-29,-32,-42,-50,-50,-50,-132,-122,-138,-50,-50,-50,-50,-50,-50,-51,-52,-32,-37,-26,-52,-8,-11,-9,-46,-51,-108,0,0,0,0,0,0,0,0,0,0,0,0,0,0,0,0,0,0,0,0,0,0,0,0,0,0]} 1. e4 c5 2. Nf3 Nc6 3. d4 cxd4 4. Nxd4 Qc7 5. Nc3 e6 6. Nb3 a6 7. Bd3 b5 {B43: Sicilian: Kan Variation: 5 Nc3} (7... d6 8. Be3 Nf6 9. f4 b5 10. Qf3 Bb7 11. O-O Be7 12. a4 b4 13. Nb1 O-O 14. a5 e5 15. f5 d5 16. N1d2 Nb8 17. Rae1 Nbd7 18. g4 dxe4 19. Nxe4 Nxe4 20. Bxe4 Bxe4 21. Qxe4 Rac8 {½-½ (21) Bartel,M (2613)-Gurevich,V (2475) Germany 2018}) 8. Qe2 Nf6 9. f4 d6 10. Bd2 Be7 11. O-O O-O {LiveBook: 16 Games} 12. Rae1 g6 (12... b4 $5 {[%cal Rb4c3]} 13. Na4 e5 $11) 13. Kh1 Bb7 14. e5 $146 Nd7 {[%cal Rd6e5]} 15. exd6 Bxd6 16. Ne4 Be7 17. Ng5 Bf6 18. Qg4 Rfe8 19. Qh3 Nf8 $1 20. Nc5 Rad8 21. Nge4 Bg7 22. Bc3 Bxc3 23. bxc3 Kg7 $1 24. Qh4 {Nf6 is the strong threat.} Qe7 25. Qg3 f5 26. Nxb7 Qxb7 27. Nc5 Qa7 28. Qf2 Re7 29. a4 Rd5 30. Nxa6 Qxf2 31. Rxf2 bxa4 32. Bc4 (32. Nb4 $15 Nxb4 33. cxb4) 32... Ra5 $17 33. Nb4 Rc5 ({Better is} 33... Rc7 $17 34. Rd2 Ne5) 34. Nxc6 $15 Rxc6 35. Bb5 Rxc3 {aiming for ...a3.} 36. Bxa4 Kf6 37. g3 h6 38. Bb3 g5 39. g4 gxf4 40. Rxf4 Ng6 41. Rd4 f4 42. Rd6 {[#]} ({White should try} 42. Bc4 $15) 42... Kg5 (42... Re3 $1 $17 {[%cal Re3e1]} 43. Rdd1 {[#]} Rd7 $1 {[%mdl 512]}) 43. Rexe6 $11 {The position is equal.} Rxe6 44. Rxe6 {[%mdl 4096] Endgame KRB-KRN} Nh4 45. Kg1 Nf3+ 46. Kg2 Nd4 47. Re5+ Kxg4 48. Ba4 Nxc2 49. h3+ Kh4 50. Bxc2 {And now Bd1 would win.} Rxc2+ 51. Kf3 h5 52. Kxf4 Rf2+ 53. Ke3 Rf6 54. Ke2 Kxh3 {Hoping for ...h4.} 55. Rxh5+ {Precision: White = 49%, Black = 71%.} 1/2-1/2

[Event "Forni di Sopra Dolomiti 2018"]
[Site "Forni di Sopra"]
[Date "2018.06.11"]
[Round "3.5"]
[White "Santos Ruiz, Miguel"]
[Black "Qendro, Llambi"]
[Result "1/2-1/2"]
[WhiteElo "2527"]
[BlackElo "2334"]
[Annotator "TA"]
[PlyCount "113"]
[EventDate "2018.??.??"]
[EventType "swiss"]
[EventCountry "ITA"]
[SourceTitle "playchess.com"]
[Source "ChessBase"]
[SourceQuality "1"]

{[%evp 11,113,53,56,33,44,45,40,31,21,34,71,64,84,67,72,67,57,54,67,54,108,95,81,81,102,93,125,133,136,77,83,78,79,79,78,79,79,78,69,71,71,62,94,98,101,101,124,109,109,109,109,108,109,102,124,124,124,124,124,124,124,124,124,82,124,82,124,82,124,82,124,82,124,82,124,82,124,82,124,82,124,82,124,82,124,82,150,82,145,82,139,60,107,64,116,71,127,59,68,50,72,59,82,0]} 1. e4 g6 2. d4 Bg7 3. Nc3 c6 4. f4 d5 5. e5 Nh6 {[%cal Bg8h6,Bh6f5,Bf5g3][%mdl 32]} 6. Nf3 O-O {LiveBook: 63 Games} 7. h3 {B15: Caro-Kann: 3 Nc3: 3...g6 and 3...dxe4 4 Nxe4 Nf6 5 Nxf6+ exf6} (7. Be2 f6 8. O-O Bg4 9. h3 Bxf3 10. Bxf3 e6 11. Ne2 c5 12. c4 Nc6 13. cxd5 exd5 14. dxc5 fxe5 15. Qxd5+ Kh8 16. fxe5 Nf5 17. Qxd8 Raxd8 18. Bf4 {1-0 (65) Saric,I (2660)-Anton Guijarro,D (2627) Almaty 2016}) 7... Nf5 8. g4 $146 ({Predecessor:} 8. Kf2 e6 9. Bd3 Nh4 10. Nxh4 Qxh4+ 11. g3 Qe7 12. b3 c5 13. Ba3 b6 14. Kg2 Nc6 {½-½ (35) Compagnone,G (2195)-Wuttke,J (2250) ICCF email 2010}) 8... Ng3 9. Rg1 {White is slightly better.} Nxf1 10. Rxf1 f5 11. Rg1 Na6 12. Be3 Qb6 13. b3 Qa5 14. Qd2 Nc7 15. a4 b5 (15... b6 $14) 16. Kf2 b4 17. Ne2 {[%cal Bc3e2,Be2c1,Bc1d3][%mdl 32]} Bd7 18. Nc1 Na6 19. Nd3 Rac8 20. g5 (20. Ke2 $142) 20... e6 $16 21. Nc5 Nxc5 22. dxc5 Rf7 23. Bd4 Bf8 24. Qe3 Be8 25. h4 Rg7 26. Rg2 Rd8 27. Rh1 Rgd7 28. Ke2 Kh8 29. Qg1 Rg7 30. Nd2 {[%cal Bf3d2,Bd2f1,Bf1g3][%mdl 32]} Qc7 31. Nf1 a5 32. Ng3 Qa7 33. h5 gxh5 34. Rgh2 Rdd7 35. Kd2 {[%mdl 1024] White has strong compensation.} Kg8 36. Qe3 Bg6 37. Kc1 Rb7 38. Kb2 Rbd7 39. Ka1 Rb7 40. Ka2 Rbd7 41. Kb1 Rb7 42. Rh3 Rbd7 43. Ka1 Rb7 44. Ka2 Rbd7 45. Rh4 Rb7 46. Ka1 Rbd7 47. Kb1 Rb7 48. Kc1 Rbd7 (48... Kf7 $142) 49. Kd1 (49. Nxh5 $142 {Black must now prevent Nf6+.} Bxh5 50. Rxh5) 49... Rb7 (49... Kf7 $142) 50. Ke1 (50. Nxh5 $142 Bxh5+ 51. Rxh5) 50... Rbd7 (50... Kf7 $142) 51. Kf1 ({Better is} 51. Nxh5 $16 {Nf6+ is the strong threat.} Bxh5 52. Rxh5) 51... Rb7 52. R1h2 Rbd7 (52... Kf7 $14) 53. Kg1 Rb7 (53... Kf7 $142) 54. Kh1 (54. Nxh5 $16 Bxh5 55. Rxh5) 54... Rbd7 55. Qg1 Rb7 56. Qf2 Rbd7 57. Qg1 {Precision: White = 38%, Black = 30%.} ({White should play} 57. Nxh5 $16 Bxh5 58. Rxh5) 1/2-1/2

[Event "Forni di Sopra Dolomiti 2018"]
[Site "Forni di Sopra"]
[Date "2018.06.11"]
[Round "3.6"]
[White "Loiacono, Leonardo"]
[Black "Djuric, Stefan"]
[Result "1/2-1/2"]
[WhiteElo "2313"]
[BlackElo "2350"]
[Annotator "TA"]
[PlyCount "90"]
[EventDate "2018.??.??"]
[EventType "swiss"]
[EventCountry "ITA"]
[SourceTitle "playchess.com"]
[Source "ChessBase"]
[SourceQuality "1"]

{[%evp 18,90,52,20,26,28,52,54,50,66,82,24,121,29,48,39,41,35,36,43,52,-7,-16,-35,-29,-35,63,60,70,14,23,19,17,0,0,0,0,0,0,-30,-12,-57,-57,-110,-110,-177,-104,-112,-37,-27,0,0,40,34,62,57,157,34,52,10,17,28,46,0,0,0,4,-14,0,0,0,0,0,0,0]} 1. d4 Nf6 2. c4 e6 3. Nc3 Bb4 4. Qc2 d5 5. cxd5 exd5 6. Bg5 Nbd7 7. e3 h6 8. Bh4 O-O 9. Bd3 c6 10. Nge2 {LiveBook: 10 Partien} Be7 {E35: Nimzoindisch (4.Dc2)} (10... Re8 11. O-O a6 12. Rad1 Bd6 13. Kh1 Nf8 14. h3 Bd7 15. Na4 Qe7 16. a3 Rad8 17. b4 Bc8 18. Nc5 Ne6 {1-0 (54) Gareyev,T (2592)-Taher,Y (2375) Surakarta 2018}) 11. f3 a5 $146 ({Vorgänger:} 11... Re8 12. g4 Nf8 13. Bf2 Bxg4 14. fxg4 Nxg4 15. Bf5 Nxf2 16. Kxf2 {1-0 (50) Issakainen,A (2227)-Saren,I (2253) Finland 2006}) 12. Bf2 Nb6 {Weiß steht etwas besser.} 13. g4 Re8 14. O-O-O (14. h4 $1 $16) 14... a4 {[#]} (14... Nc4 $11 {bleibt in der Remisbreite.}) 15. a3 (15. h4 $1 $16) 15... Nc4 $11 16. Bxc4 dxc4 17. h4 $1 Nd5 18. e4 Nxc3 19. Nxc3 (19. Qxc3 $14 Be6 20. Nf4) 19... Qc7 20. Kb1 b5 21. Na2 c5 (21... b4 $15 22. Nxb4 Bxb4 23. axb4 a3) 22. dxc5 $14 Be6 23. Qc3 ({Günstiger ist} 23. Nc3 $14) 23... Bxc5 $11 24. Bxc5 Qxc5 25. Qd4 Qe7 26. h5 Red8 {[%cal Be8d8,Bd8d7,Bd7d3][%mdl 32]} 27. Qc3 Rd7 28. Qb4 Qd8 29. Nc3 Rd3 30. Rhf1 ({Lieber} 30. Rhg1 $1 $15) 30... Rb8 $17 31. e5 (31. Qc5 $17) 31... Rb7 (31... Qg5 $19 32. Qc5 Qf4 33. Rxd3 cxd3) 32. Rde1 Rbd7 (32... Qd4 $17) 33. Qxb5 $15 Rd2 34. Ka1 (34. Nxa4 {führt zum Matt.} Rd1+ 35. Rxd1 Rxd1+ 36. Ka2 c3+ 37. Qb3 Bxb3+ 38. Kxb3 Qd5+ 39. Kxc3 Qc6+ 40. Kb3 Qb5+ 41. Kc3 Rxf1 42. Nb6 Rd1 43. Nc4 Rc1+ 44. Kd2 Qxc4 45. Ke3 Rc2 46. f4 Re2+ 47. Kf3 Qd3#) 34... R7d3 35. Qxa4 (35. Nxa4 Rd1+ 36. Rxd1 Rxd1+ 37. Ka2 c3+ 38. Qb3 Bxb3+ 39. Kxb3 c2 40. Nc3 c1=Q 41. Rxd1 Qb6+ 42. Kc4 Qcxb2 43. Kd3 Q6b3 44. Ke4 Q2xc3 45. Rd8+ Kh7 46. Rh8+ Kxh8 47. g5 Qxf3+ 48. Kd4 Qfe3#) 35... Qb8 {[%csl Gd2][%cal Rb8b2]} 36. Qb4 Qd8 {[#]} ({Besser ist} 36... Qc8 $14) 37. Rc1 (37. f4 $1 $16) 37... Qd4 38. Qb8+ Kh7 39. Qb7 (39. a4 {seems wilder.} Rf2 40. Rxf2 Qxf2 41. Qb7 Rxf3 42. Qe4+) 39... Qxe5 40. Qe4+ (40. f4 {with more complications.} Qa5 41. f5 Bd5 42. Qb8 f6 43. Rfe1) 40... Qxe4 {Die Stellung ist ausgeglichen.} 41. Nxe4 Rh2 $1 42. Rcd1 Bd5 43. a4 Bxe4 44. fxe4 {Txd3 ist eine echte Drohung.} Rb3 45. Rxf7 Rbxb2 {Precision: Weiß = 35%, Schwarz = 48%.} 1/2-1/2

[Event "Forni di Sopra Dolomiti 2018"]
[Site "Forni di Sopra"]
[Date "2018.06.11"]
[Round "3.7"]
[White "Sgircea, Silvia-Raluca"]
[Black "Lazic, Miroljub"]
[Result "0-1"]
[WhiteElo "2204"]
[BlackElo "2506"]
[Annotator "TA"]
[PlyCount "74"]
[EventDate "2018.??.??"]
[EventType "swiss"]
[EventCountry "ITA"]
[SourceTitle "playchess.com"]
[Source "ChessBase"]
[SourceQuality "1"]

{[%evp 16,74,16,3,0,-22,-37,-31,-40,-28,-22,-35,-14,-24,-7,-28,-11,-30,0,-22,-12,-9,-9,-75,-67,-215,-174,-295,-116,-108,-116,-106,-110,-116,-67,-75,-63,-64,-63,-72,-58,-55,-55,-55,-50,-62,-58,-834,-854,-822,-780,-710,-268,-254,-106,-104,-109,-525,-495,-504,-500]} 1. Nf3 d5 2. e3 Nf6 3. c4 e6 4. Nc3 c6 5. b3 Nbd7 6. Bb2 Bd6 7. d4 O-O 8. Bd3 Qe7 9. Qc2 Re8 {D46: Semi-Slav: 5 e3 Nbd7 6 Bd3, Black avoids the Meran} 10. e4 {e5 is the strong threat.} (10. Rd1 h6 11. h3 dxc4 12. Bxc4 e5 13. Be2 e4 14. Nd2 Nb6 15. Nc4 Bf5 16. g4 Bh7 {0-1 (37) Kazhgaleyev,M (2576)-Ivanchuk,V (2728) Tbilisi 2017}) 10... dxc4 11. Bxc4 {And now e5 would win.} e5 {Black is slightly better.} 12. O-O exd4 13. Nxd4 Ne5 {[%cal Bd7e5,Be5g6,Bg6f4][%mdl 32]} 14. Be2 Ng6 15. Rad1 Bc7 $146 ({Predecessor:} 15... Nf4 16. Rfe1 {½-½ (16) Walter,S (2169)-Overbeck,T (2250) Bad Vilbel 2010}) 16. Rfe1 Nf4 (16... Qe5 $5 {[%cal Re5h2]} 17. g3 Nf4 $11) 17. Bf1 $1 Qe5 18. Nf3 Qh5 $1 {White must now prevent ...Bg4.} 19. Nb5 (19. Ne2 $1 $11) 19... Bb6 20. Nd6 (20. Bxf6 $15 cxb5 21. Qd2 Nxg2 22. Bxg2 gxf6 23. Qc3) 20... Bg4 $1 $19 21. Bd4 (21. Bc4 {is a better defense.} Re7 22. Ne5) 21... Bxd4 $2 (21... Re6 $19 {and Black stays clearly on top.} 22. Nf5 Nh3+ $1 {[%mdl 512]} 23. gxh3 Bxf3) 22. Rxd4 $17 Bxf3 23. gxf3 Re5 {( -> ...Rg5+)} ({Much worse is} 23... Qxf3 $6 24. Nxe8 Qg4+ 25. Kh1 $11) 24. Nf5 Rae8 25. Re3 g6 26. Ng3 Qg5 27. Qd2 h5 {[%cal Bh7h5,Bh5h4][%mdl 32] Threatens to win with ...h4.} 28. Kh1 $1 h4 29. Ne2 N6h5 30. Ng1 R5e7 $40 {[%mdl 128] Black mounts an attack.} 31. Rd7 $2 {[%mdl 8192]} (31. Nh3 $15 Nxh3 32. Bxh3) 31... Rxd7 $19 32. Qxd7 Rd8 33. Qg4 Qxg4 $2 (33... Qe5 {aiming for ...Qa1.} 34. Re1 Rd2 35. Qxh4 Rxa2) 34. fxg4 Ng7 (34... Rd1 $19 35. Bc4 Ng7) 35. Nf3 $17 Nge6 36. Nxh4 $2 {[%mdl 8192] [#]} (36. Re1 $17 {is tougher.}) 36... Rd1 $1 $19 {[%cal Rd1f1]} 37. Kg1 {intending Ng2.} Ng5 {Precision: White = 43%, Black = 65%.} 0-1

[Event "Forni di Sopra Dolomiti 2018"]
[Site "Forni di Sopra"]
[Date "2018.06.11"]
[Round "3.8"]
[White "Martorelli, Antonio"]
[Black "Vezzosi, Paolo"]
[Result "0-1"]
[WhiteElo "2184"]
[BlackElo "2316"]
[Annotator "TA"]
[PlyCount "108"]
[EventDate "2018.??.??"]
[EventType "swiss"]
[EventCountry "ITA"]
[SourceTitle "playchess.com"]
[Source "ChessBase"]
[SourceQuality "1"]

{[%evp 20,108,25,0,50,24,14,9,18,-66,-77,-75,93,97,205,-35,0,0,0,0,0,-141,0,0,0,-163,125,-23,-11,-159,-154,-278,-289,-290,0,-285,-85,-58,10,0,439,414,1048,-156,-164,-288,-275,-407,-408,-436,-436,-433,-425,-428,-412,-406,-385,-387,-387,-430,-422,-462,-435,-517,-515,-540,-497,-904,-945,-937,-919,-835,-751,-6023,-910,-928,-891,-915,-861,-29980,-29981,-29985,-29984,-29989,-29989,-29990,-29989,-29989,-29989,-29989,-29977]} 1. e4 e5 2. Nf3 Nc6 3. Bb5 Nf6 4. O-O Be7 5. Nc3 d6 6. d4 Bd7 7. Re1 exd4 8. Nxd4 O-O 9. Bxc6 bxc6 10. Qf3 Re8 11. b3 {LiveBook: 5 Games. C66: Ruy Lopez: Steinitz Defence} g6 12. Bb2 c5 13. Nf5 $146 {Hoping for Nh6+.The position is equal.} ({Predecessor:} 13. Nde2 Bf8 14. Nf4 Bg7 15. Nd3 Bc6 16. Rad1 Qc8 17. Nd5 Nxd5 18. Bxg7 Kxg7 19. exd5 {1-0 (35) Jansa,V (2465)-Jacobsen,B (2285) Copenhagen 1987}) 13... gxf5 14. Qg3+ (14. exf5 $11 h5 15. a4) 14... Ng4 $15 15. exf5 Bxf5 $2 (15... h5 $1 $17 {and life is bright. White must now prevent ...Bh4.} 16. Qh3 Bh4) 16. Nd5 $1 $16 Kf8 (16... Bg5 $16 {was called for.}) 17. Qc3 $2 (17. Qf4 $18 Bh4 18. Rxe8+ Qxe8 19. Qxf5 Bxf2+ 20. Kf1) 17... f6 ({Reject} 17... Ne5 $6 18. f4 $16) (17... Bf6 $5 {[%cal Rf6c3]} 18. Rxe8+ Kxe8 19. Re1+ Kf8 20. Nxf6 Qxf6 21. Qxf6 Nxf6 22. Bxf6 Bxc2 $11) 18. Qf3 Qc8 19. h3 $1 {[%cal Rh3g4]} Ne5 20. Qe3 (20. Bxe5 $1 $11 {keeps the balance.} dxe5 21. g4) 20... Qb7 (20... c6 $17 21. Qh6+ Kf7 22. Nxe7 Rxe7) 21. Qh6+ $11 Kf7 22. c4 $2 (22. Rad1 $11) 22... Rg8 $2 (22... c6 $1 $19 {[%cal Rc6d5]} 23. Nxe7 Qxe7) 23. Qh5+ (23. f4 $1 $16 {[%cal Rf4e5]} c6 24. Nxe7 (24. fxe5 cxd5 25. exf6 Bd8 $11) 24... Qxe7 25. fxe5 dxe5 26. Rf1) 23... Bg6 24. Qh4 (24. Qe2 $1 $11) 24... Bd8 $1 $17 25. Re3 (25. Rad1 $17) 25... c6 26. Nf4 Qc8 $2 (26... f5 $19 27. Qh6 Bf6) 27. Rd1 $2 {[%mdl 8192] [#]} (27. Nxg6 $11 {and White is okay.} hxg6 28. f4) 27... Be7 $2 (27... Qf5 $1 $19 {[%cal Rf5c2] is more deadly.} 28. Nxg6 Qxg6) 28. Nxg6 hxg6 (28... Rxg6 $15 29. f4 Rg7) 29. f4 $1 $11 {[%cal Rf4e5]} g5 $2 {[%mdl 8192]} (29... Rh8 $11 30. Qe1 Kg8) 30. Qh5+ $18 Ng6 {[#]} (30... Rg6 $142) 31. f5 $2 ({White should try} 31. Rxe7+ $1 $18 {[%mdl 512]} Kxe7 32. Qh7+ Ke8 33. Re1+ Ne5 34. Qxg8+ Kd7 35. Qg7+ Kd8 36. fxe5) 31... Qxf5 $17 32. Rf1 (32. Rxe7+ $142 Kxe7 33. Qh7+ Kf8 34. Rf1) 32... Rh8 $19 33. Qe2 (33. Rxe7+ $142 Kxe7 34. Qe2+ Qe6 35. Qxe6+ Kxe6 36. Rxf6+ Kd7 37. Rxg6) 33... Qd7 34. Rxe7+ Qxe7 ({Stronger than} 34... Nxe7 35. Bxf6 Rh7 36. Bxe7+ Kg8 37. Bxg5 $11) 35. Rxf6+ Qxf6 36. Bxf6 Kxf6 37. Qf3+ Kg7 38. Qxc6 Rhd8 39. Qb7+ Kh6 40. Qf7 a5 41. Qf6 Rd7 42. Kh2 a4 43. Kg3 (43. Qe6 $142 Rdd8 44. Qf6) 43... axb3 44. axb3 Rf8 45. Qe6 Rdd8 46. Kg4 Rf4+ 47. Kg3 Rd4 48. Kh2 Ra8 49. Qf6 Ra2 {Black mates.} 50. b4 Rdd2 51. bxc5 Rxg2+ 52. Kh1 Rh2+ 53. Kg1 Rag2+ 54. Kf1 {[#]} Rf2+ $1 {Precision: White = 19%, Black = 32%.} 0-1